000
00404nam a2200169Ia 4500
008
090711s9999 xx 000 0 und d
082
_b
76813
100
_a
अनुराधा
245
_a
घातकी
260
_c
1995
300
_a
188
600
_a
अनुराधा
630
_a
घातकी
700
_a
अनुराधा
730
_a
घातकी
942
_c
BOOK
999
_c
334353
_d
334353